Statistics for Female Action Leads

Click here to take the quiz!

General Stats

  • This quiz has been taken 30 times
  • The average score is 8 of 13

Answer Stats

HintAnswer% Correct
The Hunger GamesJennifer Lawrence
92%
Lara Croft Tomb RaiderAngelina Jolie
84%
Kill BillUma Thurman
84%
Silence of the LambsJody Foster
80%
Wonder WomanGal Gadot
72%
AvatarZoe Saldana
64%
ElektraJennifer Garner
56%
UnderworldKate Beckinsale
56%
Suicide SquadMargot Robbie
44%
Resident EvilMilla Jovovich
44%
The Girl With the Dragon TatooRooney Mara
40%
Black PantherLupita Nyongo
28%
Foxy BrownPam Grier
28%

Score Distribution

Percentile by Number Answered

Percent of People with Each Score

Your Score History

You have not taken this quiz